Online
Catalog

Nueva York antes y ahora / (Record no. 3277)

MARC details
000 -CABECERA
campo de control de longitud fija 00868nam a2200253 a 4500
001 - NÚMERO DE CONTROL
campo de control 000003447
005 - FECHA Y HORA DE LA ÚLTIMA TRANSACCIÓN
campo de control 20200929150439.0
008 - DATOS DE LONGITUD FIJA--INFORMACIÓN GENERAL
campo de control de longitud fija 720905s1974 mx a 001 0aspa
040 ## - FUENTE DE LA CATALOGACIÓN
Centro catalogador/agencia de origen DO-SdBNP
Lengua de catalogación spa
Centro/agencia transcriptor BNPHU
041 17 - CÓDIGO DE LENGUA
Código de lengua del texto/banda sonora o título independiente spa
Código de lengua original eng
082 ## - NÚMERO DE LA CLASIFICACIÓN DECIMAL DEWEY
Número de clasificación 813
Número de documento/Ítem H417n
100 1# - ENTRADA PRINCIPAL--NOMBRE DE PERSONA
Nombre de persona Hayes, Helen,
Fechas asociadas al nombre 1900-1993.
9 (RLIN) 10742
240 10 - TÍTULO UNIFORME
Título uniforme Twice over lightly.
Lenguaje de la obra Español
245 10 - MENCIÓN DE TÍTULO
Título Nueva York antes y ahora /
Mención de responsabilidad, etc. Helen Hayes y Anita Loos ; traducción, Ramón Frausto.
260 ## - PUBLICACIÓN, DISTRIBUCIÓN, ETC.
Lugar de publicación, distribución, etc. México :
Nombre del editor, distribuidor, etc. Asociados,
Fecha de publicación, distribución, etc. 1974.
300 ## - DESCRIPCIÓN FÍSICA
Extensión 294 p. :
Otras características físicas il. ;
Dimensiones 20 cm.
490 1# - MENCIÓN DE SERIE
Mención de serie Historia Actual
534 ## - NOTA SOBRE LA VERSIÓN ORIGINAL
Encabezamiento principal del original Título original:
Mención de título del original Twice over lightly
650 #4 - PUNTO DE ACCESO ADICIONAL DE MATERIA--TÉRMINO DE MATERIA
Término de materia o nombre geográfico como elemento de entrada Literatura estadounidense
9 (RLIN) 263
651 #4 - PUNTO DE ACCESO ADICIONAL DE MATERIA--NOMBRE GEOGRÁFICO
Nombre geográfico New York (Estados Unidos{Rpara}
Subdivisión general Condiciones Sociales
9 (RLIN) 10743
700 1# - PUNTO DE ACCESO ADICIONAL--NOMBRE DE PERSONA
Nombre de persona Loos, Anita,
Fechas asociadas al nombre 1893-1981,
9 (RLIN) 10744
700 1# - PUNTO DE ACCESO ADICIONAL--NOMBRE DE PERSONA
Nombre de persona Frausto, Ramón,
Término indicativo de función/relación tr.
9 (RLIN) 10745
830 #0 - PUNTO DE ACCESO ADICIONAL DE SERIE-TÍTULO UNIFORME
Título uniforme Historia Actual
9 (RLIN) 10746
Holdings
Estado de retiro Estado de pérdida Restricciones de uso No para préstamo Código de colección Localización permanente Ubicación/localización actual Ubicación en estantería Fecha de adquisición Número de inventario Total de préstamos Signatura topográfica completa Código de barras Fecha visto por última vez Precio válido a partir de Tipo de ítem Koha
        Monografías: Libros y Folletos General General En catalogación 23.03.2010 LF1   813 H417n 3447-10 25.06.2020 25.06.2020 Préstamo en sala

Powered by Koha